| Tag |
First Indicator |
Second Indicator |
Subfields |
| LEADER |
00000cem a2200000Ii 4500 |
| 001 |
in00003736721 |
| 005 |
20161113130313.0 |
| 007 |
aj canzn |
| 008 |
161113s1990 txu a l 1 eng d |
| 035 |
|
|
|a (OCoLC)ocn962465946
|
| 040 |
|
|
|a TXA
|b eng
|e rda
|c TXA
|d TXA
|
| 034 |
0 |
|
|a a
|d W0974001
|e W0973748
|f N0294207
|g N0293856
|2 bound
|
| 035 |
|
|
|a (OCoLC)962465946
|
| 043 |
|
|
|a n-us-tx
|
| 050 |
|
4 |
|a G4034.L92P2 1990
|b .L8
|
| 052 |
|
|
|a 4034
|b L92
|
| 052 |
|
|
|a 4033
|b C2
|
| 049 |
|
|
|a TXAM
|
| 110 |
2 |
|
|a Luling Area Chamber of Commerce,
|e cartographer.
|
| 245 |
1 |
0 |
|a Welcome to Luling :
|b crossroads to everywhere /
|c map courtesy of Luling Area Chamber of Commerce.
|
| 246 |
1 |
|
|i Title of map on verso:
|a Caldwell County :
|b all roads lead to Luling, crossroads from the Gulf Coast to the Hill Country
|
| 255 |
|
|
|a Scale not given
|c (W 97°40ʹ01ʺ--W 97°37ʹ48ʺ/N 29°42ʹ07ʺ--N 29°38ʹ56ʺ)
|
| 264 |
|
1 |
|a Luling, Texas :
|b Luling Area Chamber of Commerce,
|c [1990?]
|
| 300 |
|
|
|a 1 map ;
|c on sheet 43 x 28 cm
|
| 336 |
|
|
|a cartographic image
|b cri
|2 rdacontent
|
| 337 |
|
|
|a unmediated
|b n
|2 rdamedia
|
| 338 |
|
|
|a sheet
|b nb
|2 rdacarrier
|
| 500 |
|
|
|a Includes street index and to points of interest.
|
| 500 |
|
|
|a Indexed map of Caldwell County with inset maps of Maxwell, Martindale, Prairie Lea, Fentress, Lytton Springs, Dale; location map, and area map on verso.
|
| 650 |
|
0 |
|a Roads
|z Texas
|z Luling
|v Maps.
|
| 651 |
|
0 |
|a Luling (Tex.)
|v Maps.
|
| 650 |
|
0 |
|a Roads
|z Texas
|z Caldwell County
|v Maps.
|
| 651 |
|
0 |
|a Caldwell County (Tex.)
|v Maps.
|
| 655 |
|
7 |
|a Road maps.
|2 lcgft
|
| 948 |
|
|
|a cataloged
|b h
|c 2016/11/13
|d o
|e nbehmer
|f 12:49:57 pm
|
| 994 |
|
|
|a C0
|b TXA
|
| 999 |
f |
f |
|s 5f4feb75-e03d-3b20-906c-a5997b5c5583
|i 3672a345-6520-3b70-813b-898582d632d5
|t 0
|
| 952 |
f |
f |
|p normal
|a Texas A&M University
|b College Station
|c Sterling C. Evans Library
|d Evans: Maps (2nd floor)
|t 0
|e G4034.L92P2 1990 .L8
|h Library of Congress classification
|i unmediated -- sheet
|m A14825686234
|
| 998 |
f |
f |
|a G4034.L92P2 1990 .L8
|t 0
|l Evans: Maps (2nd floor)
|